Xullaka : (Record no. 22228)

000 -CABECERA
fixed length control field 01318nam a22002297a 4500
003 - IDENTIFICADOR DEL NÚMERO DE CONTROL
control field AR-CdUCM
008 - DATOS DE LONGITUD FIJA--INFORMACIÓN GENERAL
fixed length control field 190425b ||||| |||| 00| 0 spa d
040 ## - FUENTE DE LA CATALOGACIÓN
Agencia/entidad que catalogó originalmente la obra MUNICIPALIDAD PROVINCIAL DEL CUSCO
Entidad que transcribió la catalogación BIBLIOTECA MUNICIPAL DEL CUSCO
082 ## - NÚMERO DE LA CLASIFICACIÓN DECIMAL DEWEY
No. de Clasificación Xullaka/N°2/1956
245 ## - MENCIÓN DE TÍTULO
Título Xullaka :
Resto del título órgano bimestral de la Asociación Cultural Xullaka /
Mención de responsabilidad Asociación Cultural Xullaka, Enrique Miranda C. Director
260 ## - PUBLICACIÓN, DISTRIBUCIÓN, ETC.
Lugar de publicación, distribución, etc. Juliaca.
-- Cusco.
Nombre de la editorial, distribuidor, etc. H.G. Rozas,
Fecha de publicación, distribución, etc. 1956.
300 ## - DESCRIPCIÓN FÍSICA
Nº de Páginas Extensión 20 páginas. :
Otros detalles físicos ilustraciones ;
Dimensiones 28 cm.
440 ## - MENCIÓN DE SERIE/PUNTO DE ACCESO ADICIONAL--TÍTULO
Título Xullaka.
Número de la parte/sección de una obra Año I, N°2, 25 de diciembre 1956.
9 (RLIN) 47688
505 ## - NOTA DE CONTENIDO CON FORMATO
Nota de contenido formateada Contenido: Un año y más y que. -- Navidad origen del primer nacimiento. -- Es aguda la hambruna en el altiplano. -- El rezandero. -- Por navidad. -- Tarapacá. -- La conquista de los hatun ccollas. -- Amigos del arte. -- Para el aborigen. -- Aspectos del dramático problema indígena. -- Acerca del ultimo concurso folclórico musical. -- Las pinturas rupestres de las cuevas de Pizacoma. -- Nacimiento campesino. -- Correspondencia buzón. -- Quienes serán concejales. -- Noticiario.
650 ## - PUNTO DE ACCESO ADICIONAL DE MATERIA--TÉRMINO DE MATERIA
Descriptor Historia Juliaca
9 (RLIN) 47684
650 ## - PUNTO DE ACCESO ADICIONAL DE MATERIA--TÉRMINO DE MATERIA
Descriptor Folklore
9 (RLIN) 47685
650 ## - PUNTO DE ACCESO ADICIONAL DE MATERIA--TÉRMINO DE MATERIA
Descriptor Revista Juliaca
9 (RLIN) 47686
700 ## - PUNTO DE ACCESO ADICIONAL--NOMBRE DE PERSONA
Nombre Personal Chambizea, Julio Alex
9 (RLIN) 47689
700 ## - PUNTO DE ACCESO ADICIONAL--NOMBRE DE PERSONA
Nombre Personal Bustamante Luza, Carlos
9 (RLIN) 47687
942 ## - ELEMENTOS DE PUNTO DE ACCESO ADICIONAL (KOHA)
Fuente de clasificación
Tipo de item Revistas cusqueñas
945 ## - PROCESAMIENTO DE INFORMACIÓN LOCAL (OCLC)
Catalogador rac
Holdings
Estado de retiro (separado) Fuente de clasificación o esquema de estanterías Estado dañado Ubicación Sala donde se ubica Nombre de la colección Fecha de adquisición o compra Costo, precio normal en soles Signatura topográfica Código de Barras Última vez visto (Koha) Tipo de ítem (Koha)
No     Sala Hemeroteca Sala Hemeroteca Book Cart 2022-03-29 5.00 Xullaka/N°2/1956 REVC000856 2022-03-29 Revistas cusqueñas
No     Sala Hemeroteca Sala Hemeroteca Book Cart 2022-03-29 5.00 Xullaka/N°2/1956/e.2 REVC000857 2022-03-29 Revistas cusqueñas

Powered by Koha